[Event "40th Olympiad Open"]
[Site "Istanbul TUR"]
[Date "2012.09.09"]
[Round "11.5"]
[White "Van Wely, L."]
[Black "Flores, Di"]
[Result "1-0"]
[WhiteElo "2691"]
[BlackElo "2589"]
[PlyCount "71"]
[EventDate "2012.08.28"]
[SourceDate "1999.07.01"]
[WhiteTeam "Netherlands"]
[BlackTeam "Argentina"]
[WhiteTeamCountry "UKR"]
[BlackTeamCountry "ARM"]

1. d4 Nf6 2. c4 g6 3. Nc3 Bg7 4. e4 d6 5. Nf3 O-O 6. Be2 e5 7. Be3 Ng4 8. Bg5
f6 9. Bh4 Nc6 10. d5 Ne7 11. Nd2 Nh6 12. f3 c5 13. Rb1 g5 14. Bf2 f5 15. h3 Ng6
16. g4 fxg4 17. hxg4 Qf6 18. Be3 Nh4 19. Rh2 Nf7 20. Nf1 Nh8 21. Rf2 N8g6 22.
Ng3 Nf4 23. Bf1 h5 24. Kd2 Nxf3+ 25. Qxf3 Bxg4 26. Qh1 h4 27. Nf5 Bxf5 28. exf5
Qxf5 29. Be2 Bh6 30. Rg1 Kh8 31. Ne4 Rad8 32. Bd3 Qh7 33. Bxf4 exf4 34. Nxg5
Qg7 35. Kc2 Bxg5 36. Rfg2 1-0

[Event "40th Olympiad Open"]
[Site "Istanbul TUR"]
[Date "2012.09.09"]
[Round "11.11"]
[White "Postny, E."]
[Black "Teterev, V."]
[Result "1-0"]
[WhiteElo "2638"]
[BlackElo "2528"]
[PlyCount "114"]
[EventDate "2012.08.28"]
[SourceDate "1999.07.01"]
[WhiteTeam "Israel"]
[BlackTeam "Belarus"]
[WhiteTeamCountry "MAR"]
[BlackTeamCountry "BLZ"]

1. d4 Nf6 2. c4 g6 3. Nc3 Bg7 4. e4 d6 5. Nf3 O-O 6. Be2 e5 7. O-O exd4 8. Nxd4
Re8 9. f3 c6 10. Kh1 Nh5 11. g4 Nf6 12. Be3 h5 13. g5 Nh7 14. Qd2 Nd7 15. Rad1
Qe7 16. Rfe1 a6 17. Bf1 Ne5 18. Qg2 Be6 19. f4 Nxc4 20. Bg1 b5 21. Nxc6 Qb7 22.
Nd4 Rac8 23. Nd5 Bxd5 24. exd5 Nb6 25. Nc6 Na4 26. b4 Nc3 27. Rc1 Qd7 28. Qf3
Rxe1 29. Rxe1 Nxd5 30. Bh3 Qxc6 31. Bxc8 Qxc8 32. Qxd5 Nf8 33. Re7 Ne6 34. f5
Bf8 35. Ra7 gxf5 36. Ra8 Qc2 37. g6 Qe4+ 38. Qxe4 fxe4 39. Rxa6 d5 40. Rb6 Bxb4
41. Rxb5 Bc3 42. gxf7+ Kxf7 43. Rxd5 Kf6 44. Be3 Be5 45. a4 Nc7 46. Rc5 Ke6 47.
a5 Kd6 48. Rc4 Kd5 49. Ra4 Na6 50. Kg2 Bc3 51. Kf2 Bb4 52. Ke2 Kc6 53. Bd2 Bd6
54. h3 Nc5 55. Ra1 Na6 56. Rf1 h4 57. Rf6 Kd5 1-0

[Event "14th Trieste Open A"]
[Site "Trieste ITA"]
[Date "2012.09.03"]
[Round "4"]
[White "Jovanic, O."]
[Black "Turov, M."]
[Result "1/2-1/2"]
[WhiteElo "2511"]
[BlackElo "2636"]
[PlyCount "36"]
[EventDate "2012.09.01"]
[SourceDate "1999.07.01"]

1. d4 Nf6 2. c4 g6 3. Nc3 Bg7 4. Nf3 O-O 5. e4 d6 6. Be2 e5 7. O-O Nc6 8. d5
Ne7 9. b4 a5 10. Ba3 Nd7 11. bxa5 Rxa5 12. Bb4 Ra8 13. a4 f5 14. a5 Bh6 15. Bd3
Kh8 16. Re1 Nf6 17. c5 fxe4 18. cxd6 cxd6 1/2-1/2

[Event "14th Trieste Open A"]
[Site "Trieste ITA"]
[Date "2012.09.03"]
[Round "4"]
[White "Bosiocic, Mari"]
[Black "Baklan, V."]
[Result "0-1"]
[WhiteElo "2577"]
[BlackElo "2610"]
[PlyCount "84"]
[EventDate "2012.09.01"]
[SourceDate "1999.07.01"]

1. d4 Nf6 2. c4 g6 3. Nc3 Bg7 4. e4 d6 5. Be2 O-O 6. Nf3 e5 7. O-O exd4 8. Nxd4
Re8 9. f3 c6 10. Kh1 Nh5 11. g4 Nf6 12. Be3 a6 13. g5 Nh5 14. Qd2 Nd7 15. Rad1
Qe7 16. Nc2 Qe6 17. Rf2 Ne5 18. b3 b5 19. c5 dxc5 20. Bxc5 Qh3 21. Rg1 Be6 22.
Qe3 Rad8 23. Nd1 Qh4 24. Nd4 Nf4 25. Nxe6 Rxe6 26. Rff1 h6 27. Nf2 hxg5 28. Rd1
Rde8 29. Bf1 Bf6 30. Rg3 Kg7 31. Bh3 Rh8 32. Kg1 Ree8 33. Bb6 Rb8 34. Kf1 Nh5
35. Rg1 Qf4 36. Qxf4 Nxf4 37. Bc7 Rb7 38. Bxe5 Bxe5 39. Bd7 Rd8 40. Bg4 Rxd1+
41. Nxd1 Rb8 42. Ke1 Rd8 0-1

[Event "40th Olympiad Open"]
[Site "Istanbul TUR"]
[Date "2012.08.30"]
[Round "3.10"]
[White "Li Chao2"]
[Black "Nevednichy, V."]
[Result "1-0"]
[WhiteElo "2665"]
[BlackElo "2554"]
[PlyCount "115"]
[EventDate "2012.08.28"]
[SourceDate "1999.07.01"]
[WhiteTeam "China"]
[BlackTeam "Romania"]
[WhiteTeamCountry "ENG"]
[BlackTeamCountry "NAU"]

1. d4 Nf6 2. c4 d6 3. Nc3 g6 4. e4 Bg7 5. Nf3 O-O 6. Be2 e5 7. O-O Nbd7 8. Be3
Re8 9. Qc2 Ng4 10. Bg5 f6 11. Bd2 c6 12. Rad1 Nh6 13. Be3 Ng4 14. Bc1 Nh6 15.
b4 Nf7 16. Rfe1 a6 17. a3 Qc7 18. Be3 Bh6 19. Bxh6 Nxh6 20. h3 Nf7 21. Na4 Kg7
22. Bf1 a5 23. c5 axb4 24. axb4 dxc5 25. bxc5 exd4 26. Nxd4 Qa5 27. Ra1 Qc7 28.
Rab1 Ra5 29. Rb4 Ng5 30. h4 Nf7 31. g3 Nf8 32. Qb2 Ra7 33. Nb6 Re5 34. Nxc8
Qxc8 35. Qc3 Qe8 36. Bg2 Nd7 37. Nb3 Qf8 38. f4 Re8 39. Bh3 Qe7 40. Rd4 Nf8 41.
e5 fxe5 42. fxe5 Nh6 43. e6 Kg8 44. Rd6 Ra3 45. Qc4 Kh8 46. Qb4 Ra2 47. Qc3+
Kg8 48. Nd2 Nf5 49. Ne4 Qg7 50. Nf6+ Kh8 51. Bxf5 gxf5 52. Re3 Raa8 53. Nxe8
Rxe8 54. Qxg7+ Kxg7 55. e7 Ng6 56. h5 Nxe7 57. Rd7 Kf6 58. Kf2 1-0

[Event "40th Olympiad Open"]
[Site "Istanbul TUR"]
[Date "2012.08.31"]
[Round "4.22"]
[White "Pelletier, Y."]
[Black "Al Modiahki, M."]
[Result "0-1"]
[WhiteElo "2595"]
[BlackElo "2542"]
[PlyCount "108"]
[EventDate "2012.08.28"]
[SourceDate "1999.07.01"]
[WhiteTeam "Switzerland"]
[BlackTeam "Qatar"]
[WhiteTeamCountry "BTN"]
[BlackTeamCountry "MSH"]

1. Nf3 Nf6 2. c4 g6 3. Nc3 Bg7 4. d4 d6 5. e4 O-O 6. Be2 e5 7. O-O Nc6 8. d5
Ne7 9. b4 Nh5 10. g3 f5 11. Ng5 Nf6 12. Bf3 fxe4 13. Ncxe4 Nf5 14. Bg2 Nxe4 15.
Nxe4 a5 16. b5 b6 17. a4 h6 18. Qd3 g5 19. f3 Qe8 20. Bb2 Qg6 21. Rae1 Bd7 22.
Rf2 Rf7 23. Qd1 Raf8 24. Bf1 h5 25. Bc3 g4 26. fxg4 hxg4 27. Bg2 Nd4 28. Rxf7
Rxf7 29. Bxd4 exd4 30. Nf2 Bf5 31. Be4 Bxe4 32. Nxe4 Rf3 33. h3 Be5 34. Kg2 Ra3
35. hxg4 Ra2+ 36. Kg1 d3 37. Qxd3 Qh7 38. Nf2 Qxd3 39. Nxd3 Bd4+ 40. Kf1 Rxa4
41. Ke2 Rxc4 42. Rc1 Rxc1 43. Nxc1 Kf7 44. Kd3 Be5 45. Ne2 Kf6 46. Nf4 Kg5 47.
Ne6+ Kxg4 48. Nxc7 Bxg3 49. Ke4 a4 50. Kd3 Kf5 51. Kc4 Be1 52. Na8 Ba5 53. Nc7
a3 54. Kb3 Bb4 0-1

[Event "40th Olympiad Open"]
[Site "Istanbul TUR"]
[Date "2012.08.31"]
[Round "4.22"]
[White "Al Sayed, Mohamad"]
[Black "Gallagher, Jo"]
[Result "1-0"]
[WhiteElo "2517"]
[BlackElo "2513"]
[PlyCount "121"]
[EventDate "2012.08.28"]
[SourceDate "1999.07.01"]
[WhiteTeam "Qatar"]
[BlackTeam "Switzerland"]
[WhiteTeamCountry "MSH"]
[BlackTeamCountry "BTN"]

1. d4 Nf6 2. c4 g6 3. Nc3 Bg7 4. e4 d6 5. Nf3 O-O 6. Be2 e5 7. Be3 exd4 8. Nxd4
Re8 9. f3 c6 10. Bf2 d5 11. exd5 cxd5 12. O-O Nc6 13. c5 Bf8 14. Bb5 Bd7 15.
Bxc6 bxc6 16. b4 a5 17. a3 Qc7 18. Qd2 Nh5 19. Rac1 axb4 20. axb4 Qf4 21. Qxf4
Nxf4 22. Rfd1 Bg7 23. Kf1 Rec8 24. Be3 Ne6 25. b5 Nxd4 26. Bxd4 Ra3 27. b6 Rca8
28. Ne2 Bc8 29. Bxg7 Kxg7 30. Nd4 Bb7 31. Rd2 R8a5 32. Kf2 R3a4 33. Rc3 Kf6 34.
h4 h5 35. g4 hxg4 36. fxg4 Ra2 37. Rxa2 Rxa2+ 38. Ke3 Ke5 39. Nf3+ Kf6 40. h5
gxh5 41. gxh5 Ra4 42. Rc1 Ra3+ 43. Kf4 Ra4+ 44. Kg3 Bc8 45. Re1 Rb4 46. Re8 Bf5
47. h6 Rb3 48. Kf2 Rb2+ 49. Re2 Rb4 50. Ne5 Rb1 51. Nxc6 Bd7 52. Nd4 Rb4 53.
Ke3 Kg6 54. Ra2 Kxh6 55. Ra7 Bc8 56. Rxf7 Kg6 57. Rc7 Ba6 58. Ra7 Bc8 59. Ra8
Bb7 60. Rb8 Ba6 61. c6 1-0

[Event "14th Sants Open A"]
[Site "Barcelona ESP"]
[Date "2012.08.23"]
[Round "7.1"]
[White "Narciso Dublan, M."]
[Black "Nisipeanu, LD."]
[Result "1/2-1/2"]
[WhiteElo "2528"]
[BlackElo "2648"]
[PlyCount "58"]
[EventDate "2012.08.17"]
[SourceDate "1999.07.01"]

1. d4 Nf6 2. c4 g6 3. Nc3 Bg7 4. e4 O-O 5. Nf3 d6 6. Be2 e5 7. d5 a5 8. Bg5 h6
9. Bh4 Na6 10. Nd2 Bd7 11. O-O Qe8 12. Kh1 Nh7 13. a3 Bf6 14. Bxf6 Nxf6 15. b3
Qe7 16. Qc2 c6 17. Qb2 Rfb8 18. Rae1 Nc5 19. b4 axb4 20. axb4 Na4 21. Nxa4 Rxa4
22. Nb1 Rba8 23. Nc3 Ra3 24. Ra1 Rxa1 25. Rxa1 Rxa1+ 26. Qxa1 cxd5 27. Nxd5 Qd8
28. Nxf6+ Qxf6 29. f3 Qg5 1/2-1/2

[Event "21st Metro GM"]
[Site "Los Angeles USA"]
[Date "2012.08.06"]
[Round "6"]
[White "Hess, Ro"]
[Black "Bojkov, D."]
[Result "1-0"]
[WhiteElo "2624"]
[BlackElo "2556"]
[PlyCount "61"]
[EventDate "2012.08.03"]
[EventType "tourn"]
[SourceDate "1999.07.01"]

1. Nf3 Nf6 2. c4 g6 3. Nc3 Bg7 4. d4 O-O 5. e4 d6 6. Be2 e5 7. O-O exd4 8. Nxd4
Re8 9. f3 c6 10. Nb3 a5 11. Na4 c5 12. Rb1 Bd7 13. Nc3 a4 14. Na1 Nc6 15. Nc2
Nd4 16. Be3 Nxe2+ 17. Qxe2 Bc6 18. Rfd1 Qe7 19. Na3 Rad8 20. Qd2 Nh5 21. Nab5
f5 22. Bg5 Bf6 23. Bxf6 Qxf6 24. Nc7 Rf8 25. N3d5 Qf7 26. exf5 gxf5 27. Re1
Bxd5 28. Nxd5 Rde8 29. Qh6 b5 30. Rxe8 Qxe8 31. Kf1 1-0

[Event "87th ch-FRA 2012"]
[Site "Pau FRA"]
[Date "2012.08.14"]
[Round "2"]
[White "Istratescu, A."]
[Black "Vaisser, A."]
[Result "1-0"]
[WhiteElo "2647"]
[BlackElo "2556"]
[PlyCount "89"]
[EventDate "2012.08.13"]
[SourceDate "1999.07.01"]

1. d4 Nf6 2. Nf3 g6 3. c4 Bg7 4. Nc3 d6 5. e4 O-O 6. Be2 e5 7. d5 Nh5 8. g3 Na6
9. Nd2 f5 10. exf5 Bxf5 11. g4 Nf4 12. gxf5 Qh4 13. Nf3 Ng2+ 14. Kf1 Qh3 15.
Kg1 Nf4 16. Bxf4 exf4 17. Ng5 Qh4 18. Ne6 Rxf5 19. Bg4 Re5 20. h3 h5 21. Bf3
Nc5 22. Nxc5 dxc5 23. Ne4 Qe7 24. d6 cxd6 25. Qxd6 Rxe4 26. Qd5+ Re6 27. Re1
Re8 28. Qxe6+ Qxe6 29. Rxe6 Rxe6 30. Bd5 Kf7 31. Kg2 Ke7 32. Bxe6 Kxe6 33. Kf3
Kf5 34. Rd1 Bd4 35. h4 a5 36. Rd3 a4 37. b3 a3 38. b4 b6 39. b5 Bf6 40. Rd6
Bxh4 41. Rxb6 g5 42. Rd6 g4+ 43. Kg2 f3+ 44. Kf1 Be7 45. Rd5+ 1-0

[Event "38th Badalona Open A"]
[Site "Badalona ESP"]
[Date "2012.08.09"]
[Round "9.3"]
[White "Arun Prasad, S."]
[Black "Perez Mitjans, O."]
[Result "1-0"]
[WhiteElo "2531"]
[BlackElo "2504"]
[PlyCount "73"]
[EventDate "2012.08.01"]
[SourceDate "1999.07.01"]

1. d4 Nf6 2. c4 g6 3. Nc3 Bg7 4. e4 d6 5. Nf3 O-O 6. Be2 e5 7. O-O Nc6 8. d5
Ne7 9. b4 Ne8 10. Nd2 f5 11. c5 Kh8 12. a4 Ng8 13. Ba3 Ngf6 14. b5 Bh6 15. Bd3
Nh5 16. Nc4 Nf4 17. f3 Nxd3 18. Qxd3 f4 19. a5 g5 20. h3 Rg8 21. b6 cxb6 22.
axb6 axb6 23. cxd6 Bg7 24. Nb5 Bd7 25. Nc7 Ra4 26. Nxb6 Rd4 27. Qc3 g4 28. hxg4
h5 29. Bc5 hxg4 30. fxg4 Bxg4 31. Nxe8 Qxe8 32. Kf2 Rf8 33. d7 Bxd7 34. Bxf8
Bxf8 35. Ra8 Qh5 36. Nxd7 Rxe4 37. Qh3 1-0

[Event "45th Biel Masters Open"]
[Site "Biel SUI"]
[Date "2012.07.31"]
[Round "8"]
[White "Wen Yang"]
[Black "Saric, Iv"]
[Result "1/2-1/2"]
[WhiteElo "2569"]
[BlackElo "2638"]
[PlyCount "126"]
[EventDate "2012.07.23"]
[SourceDate "1999.07.01"]

1. d4 Nf6 2. c4 g6 3. Nc3 Bg7 4. e4 d6 5. Nf3 O-O 6. Be2 e5 7. O-O Na6 8. Be3
Ng4 9. Bg5 Qe8 10. Re1 exd4 11. Nxd4 Qe5 12. Nf3 Qc5 13. Bh4 Be6 14. Rc1 Bh6
15. Rb1 Ne5 16. Nd5 Nxf3+ 17. Bxf3 Bg7 18. Qe2 Nb4 19. Bg5 Bxd5 20. exd5 a5 21.
a3 Na6 22. b4 axb4 23. axb4 Qd4 24. Be3 Qf6 25. c5 Rfe8 26. Qb5 Qc3 27. Qxb7
dxc5 28. bxc5 Nxc5 29. Qxc7 Rac8 30. Qb6 Nd3 31. Rf1 Ne5 32. Be2 Nc4 33. Bxc4
Qxc4 34. d6 Rcd8 35. Bc5 Bf8 36. g3 Rd7 37. Rb4 Qc3 38. Rd4 Rc8 39. Rd5 Qf6 40.
Rfd1 Qe6 41. Qb4 Ra8 42. Qd2 Re8 43. Be3 Qe4 44. h4 Rc8 45. Rd3 Qc6 46. Bf4 h5
47. Rd5 Qc2 48. Qe1 Qc3 49. Qf1 Qc4 50. R1d3 Re8 51. Qd1 Qb4 52. Re5 Red8 53.
Ree3 Ra8 54. Kh2 Qa4 55. Qf3 Rc8 56. Be5 Bg7 57. Bxg7 Kxg7 58. Re7 Rxe7 59.
dxe7 Re8 60. Qe3 Qa5 61. Rd7 Qf5 62. Qa7 Qe6 63. Qb7 f6 1/2-1/2

[Event "Politiken Cup 2012"]
[Site "Helsingor DEN"]
[Date "2012.08.03"]
[Round "8.8"]
[White "Aagaard, J."]
[Black "Popovic, Du"]
[Result "1/2-1/2"]
[WhiteElo "2506"]
[BlackElo "2579"]
[PlyCount "30"]
[EventDate "2012.07.28"]
[SourceDate "1999.07.01"]

1. d4 Nf6 2. c4 g6 3. Nc3 Bg7 4. Nf3 d6 5. e4 O-O 6. Be2 e5 7. O-O c6 8. Qc2
Nbd7 9. Rd1 Qe7 10. d5 c5 11. Bg5 h6 12. Bh4 Nb6 13. a4 a5 14. Ra3 Nbd7 15. Nd2
Nb8 1/2-1/2

[Event "FIDE WGP Jermuk 2012"]
[Site "Jermuk ARM"]
[Date "2012.07.24"]
[Round "7"]
[White "Lahno, Kateri"]
[Black "Ju Wenjun"]
[Result "1/2-1/2"]
[WhiteElo "2537"]
[BlackElo "2518"]
[PlyCount "78"]
[EventDate "2012.07.16"]
[SourceDate "1999.07.01"]

1. d4 Nf6 2. c4 g6 3. Nc3 Bg7 4. e4 d6 5. Nf3 O-O 6. Be2 e5 7. O-O Nc6 8. d5
Ne7 9. Nd2 a5 10. a3 Bd7 11. b3 c6 12. Bb2 Bh6 13. dxc6 Bxc6 14. Bd3 Nd7 15.
Nf3 f5 16. b4 axb4 17. axb4 Rxa1 18. Bxa1 Nf6 19. Re1 b6 20. c5 fxe4 21. Nxe4
Nxe4 22. Bxe4 Bxe4 23. Rxe4 dxc5 24. Qe2 Nc6 25. bxc5 Bg7 26. Nxe5 Nxe5 27.
Bxe5 bxc5 28. Qc4+ Rf7 29. h3 Bxe5 30. Rxe5 Qd1+ 31. Kh2 Qd6 32. f4 Kg7 33.
Qxc5 Qxc5 34. Rxc5 Rxf4 35. Rc7+ Kg8 36. Kg3 Ra4 37. Rc8+ Kg7 38. Rc7+ Kg8 39.
Rc8+ Kg7 1/2-1/2

[Event "FIDE WGP Jermuk 2012"]
[Site "Jermuk ARM"]
[Date "2012.07.27"]
[Round "10"]
[White "Zhao Xue"]
[Black "Ju Wenjun"]
[Result "1-0"]
[WhiteElo "2556"]
[BlackElo "2518"]
[PlyCount "97"]
[EventDate "2012.07.16"]
[SourceDate "1999.07.01"]

1. d4 Nf6 2. c4 g6 3. Nc3 Bg7 4. e4 d6 5. Nf3 O-O 6. Be2 e5 7. O-O Nc6 8. d5
Ne7 9. b4 Nh5 10. g3 f5 11. Ng5 Nf6 12. Bf3 fxe4 13. Ncxe4 Nf5 14. Bg2 Nxe4 15.
Nxe4 a5 16. b5 b6 17. a4 h6 18. Bb2 g5 19. Qd3 Qe8 20. Rae1 Qg6 21. Bc3 Bd7 22.
Nd2 h5 23. Be4 Rf6 24. Qb1 Raf8 25. c5 Qf7 26. cxb6 cxb6 27. f3 Ne7 28. Qd3 Bh3
29. Rf2 h4 30. Nc4 Nf5 31. g4 Nh6 32. Rc2 Nxg4 33. f4 Rxf4 34. Qxh3 Rxe4 35.
Rxe4 Nf2 36. Rxf2 Qxf2+ 37. Kh1 Rf3 38. Qc8+ Kh7 39. Nd2 h3 40. Rg4 Re3 41. Rg1
Rd3 42. Rxg5 Qf7 43. Qc4 Re3 44. Rg1 Bh6 45. Bb2 Bg7 46. Qc2+ Kh8 47. Qc8+ Kh7
48. Qe6 Qf6 49. Qg4 1-0

[Event "Rapid Match"]
[Site "Poznan POL"]
[Date "2012.07.28"]
[Round "3"]
[White "Wojtaszek, R."]
[Black "Jobava, Ba"]
[Result "0-1"]
[WhiteElo "2717"]
[BlackElo "2730"]
[PlyCount "92"]
[EventDate "2012.07.24"]
[SourceDate "1999.07.01"]

1. d4 Nf6 2. c4 g6 3. Nc3 Bg7 4. e4 d6 5. Nf3 O-O 6. Be2 e5 7. O-O Na6 8. Re1
c6 9. Be3 h6 10. h3 exd4 11. Bxd4 Re8 12. Qc2 Nc5 13. Bf1 Ne6 14. Be3 g5 15.
Rad1 g4 16. hxg4 Nxg4 17. Qd2 Nxe3 18. Rxe3 Ng5 19. Qxd6 Qxd6 20. Rxd6 Be6 21.
Rd2 Rad8 22. Rxd8 Rxd8 23. Nxg5 hxg5 24. Rd3 Rd4 25. Rxd4 Bxd4 26. Bd3 Kf8 27.
Kf1 Ke7 28. Ke2 Kd6 29. Na4 Ke5 30. a3 f6 31. Nc3 Bf7 32. g3 g4 33. Nd1 a5 34.
Ne3 Bxb2 35. Nxg4+ Kd4 36. Nxf6 Bxa3 37. Kd2 a4 38. Kc2 Be6 39. f4 Be7 40. f5
Bf7 41. Nd7 a3 42. Bf1 b5 43. f6 Bd6 44. e5 bxc4 45. exd6 a2 46. Kb2 c3+ 0-1

[Event "Turkish Bank Chess League 2012"]
[Site "Konya TUR"]
[Date "2012.07.19"]
[Round "10"]
[White "Gunina, V."]
[Black "Nyzhnyk, I."]
[Result "1/2-1/2"]
[WhiteElo "2533"]
[BlackElo "2599"]
[PlyCount "27"]
[EventDate "2012.07.11"]
[SourceDate "1999.07.01"]
[WhiteTeam "Ceyhan Belediye"]
[BlackTeam "Ankara Gazi"]

1. d4 Nf6 2. c4 g6 3. Nc3 Bg7 4. e4 d6 5. Nf3 O-O 6. Be2 e5 7. dxe5 dxe5 8.
Qxd8 Rxd8 9. Bg5 Nbd7 10. O-O-O Rf8 11. Nd5 c6 12. Nxf6+ Nxf6 13. Nd2 Be6 14.
f3 1/2-1/2

[Event "5th Int ch-Central Serbia 2012"]
[Site "Paracin SRB"]
[Date "2012.07.13"]
[Round "9.3"]
[White "Gleizerov, E."]
[Black "Damljanovic, B."]
[Result "1/2-1/2"]
[WhiteElo "2565"]
[BlackElo "2564"]
[PlyCount "95"]
[EventDate "2012.07.06"]
[SourceDate "1999.07.01"]

1. d4 Nf6 2. c4 g6 3. Nc3 Bg7 4. e4 d6 5. Nf3 O-O 6. Be2 e5 7. O-O c6 8. Be3
Qe7 9. Qc2 Bg4 10. Rad1 Na6 11. a3 Nc7 12. d5 cxd5 13. cxd5 Rfc8 14. Qd3 Bd7
15. Nd2 Ng4 16. Bxg4 Bxg4 17. Rc1 Bd7 18. Rc2 f5 19. f3 f4 20. Bf2 g5 21. Rfc1
Ne8 22. Nb5 Rxc2 23. Rxc2 b6 24. Nc7 Rc8 25. Nxe8 Qxe8 26. Rxc8 Qxc8 27. Qc4
Qb8 28. g4 fxg3 29. hxg3 h5 30. Nf1 Qc8 31. Ne3 g4 32. Qxc8+ Bxc8 33. Kg2 Kf7
34. a4 Bd7 35. b3 Bf8 36. fxg4 hxg4 37. Nc4 Be8 38. Kf1 Ke7 39. Ke2 Kd8 40. Be3
Kc7 41. Bg5 b5 42. axb5 Bxb5 43. Kd3 a6 44. Kc3 Kb7 45. Kb4 Kc7 46. Kc3 Bd7 47.
Kd3 Bb5 48. Kc3 1/2-1/2

[Event "8th RUS-CHN Summit Women Classical"]
[Site "St Petersburg RUS"]
[Date "2012.07.06"]
[Round "5"]
[White "Gunina, V."]
[Black "Ju Wenjun"]
[Result "1/2-1/2"]
[WhiteElo "2533"]
[BlackElo "2518"]
[PlyCount "114"]
[EventDate "2012.07.02"]
[SourceDate "1999.07.01"]

1. d4 Nf6 2. c4 g6 3. Nc3 Bg7 4. e4 d6 5. Nf3 O-O 6. Be2 e5 7. O-O Nc6 8. d5
Ne7 9. b4 Nh5 10. g3 a5 11. b5 b6 12. Nh4 Nf6 13. Be3 Bh3 14. Re1 h6 15. f3 Nd7
16. Bd3 g5 17. Ng2 f5 18. exf5 e4 19. Nxe4 Nxf5 20. Rc1 Ne5 21. Nf2 Qd7 22.
Nxh3 Nxg3 23. f4 Qxh3 24. hxg3 gxf4 25. gxf4 Nf3+ 26. Kf2 Nxe1 27. Qxe1 Rae8
28. Bg6 Re7 29. Rd1 Qg4 30. Bc2 Be5 31. Qe2 Qxe2+ 32. Kxe2 Bxf4 33. Nxf4 Rxf4
34. Rg1+ Kf7 35. Bg6+ Kf8 36. Kd3 Rf3 37. Be4 Rh3 38. Rg6 Kf7 39. Rxh6 Rxh6 40.
Bxh6 Kf6 41. Be3 Re8 42. Bh7 Kf7 43. Bf5 Rh8 44. a4 Rh1 45. c5 dxc5 46. Bf4
Rd1+ 47. Kc3 Rxd5 48. Bh3 Rd4 49. Bxc7 Rxa4 50. Bg2 Ke7 51. Bxb6 Kd6 52. Bc6
Ra3+ 53. Kb2 Ra4 54. Ba7 Rb4+ 55. Ka3 c4 56. Bd4 c3 57. Bxc3 Rc4 1/2-1/2

[Event "8th RUS-CHN Summit Women Rapid"]
[Site "St Petersburg RUS"]
[Date "2012.07.07"]
[Round "5"]
[White "Gunina, V."]
[Black "Ju Wenjun"]
[Result "0-1"]
[WhiteElo "2533"]
[BlackElo "2518"]
[PlyCount "80"]
[EventDate "2012.07.07"]
[SourceDate "1999.07.01"]

1. d4 Nf6 2. c4 g6 3. Nc3 Bg7 4. e4 d6 5. Nf3 O-O 6. Be2 e5 7. O-O Na6 8. Re1
c6 9. Be3 Ng4 10. Bg5 f6 11. Bc1 f5 12. exf5 exd4 13. f6 Qxf6 14. Ne4 Qe7 15.
Bd3 Ne5 16. Nxe5 dxe5 17. Bg5 Qf7 18. f4 h6 19. Nd6 Qe6 20. c5 Nb4 21. Bc4 Nd5
22. Bh4 Rxf4 23. Bg3 Rf8 24. Re4 b6 25. Qe2 bxc5 26. Bxe5 Bxe5 27. Nxc8 Re8 28.
Re1 Bxh2+ 29. Kxh2 Qxe4 30. Qxe4 Rxe4 31. Rxe4 Rxc8 32. Re7 a6 33. Ra7 Kf8 34.
Rxa6 Ne3 35. Bd3 c4 36. Bxg6 d3 37. Bh5 d2 38. Ra3 d1=Q 39. Bxd1 Nxd1 40. Rf3+
Ke7 0-1

[Event "65th ch-RUS HL"]
[Site "Tyumen RUS"]
[Date "2012.06.26"]
[Round "10"]
[White "Potkin, V."]
[Black "Sjugirov, S."]
[Result "1/2-1/2"]
[WhiteElo "2642"]
[BlackElo "2625"]
[PlyCount "103"]
[EventDate "2012.06.16"]
[SourceDate "1999.07.01"]

1. c4 Nf6 2. Nc3 g6 3. d4 Bg7 4. e4 O-O 5. Nf3 d6 6. Be2 e5 7. O-O Nc6 8. Be3
Re8 9. dxe5 Nxe5 10. Nxe5 Rxe5 11. f3 Re8 12. Qd2 a5 13. Rfd1 b6 14. Rac1 Qe7
15. b3 Bb7 16. Bg5 Qd7 17. Rc2 Ba6 18. Bf1 Ra7 19. a3 Raa8 20. Rdc1 Rec8 21. b4
axb4 22. axb4 Qe8 23. Ra2 Bb7 24. Rca1 Rxa2 25. Rxa2 Ra8 26. Nb5 Rxa2 27. Qxa2
Qb8 28. c5 bxc5 29. bxc5 Bc6 30. Qa6 Bb7 31. Qa2 Bc6 32. Qa7 Qxa7 33. Nxa7 Ba4
34. cxd6 cxd6 35. Nc8 Ne8 36. Bc4 Bd4+ 37. Kf1 Kg7 38. Ne7 Nc7 39. Ke2 Bd7 40.
Be3 Bxe3 41. Kxe3 Kf6 42. Ng8+ Kg7 43. Ne7 Kf6 44. Nd5+ Nxd5+ 45. Bxd5 Ke7 46.
h4 h6 47. f4 f6 48. Kd4 g5 49. hxg5 hxg5 50. fxg5 fxg5 51. e5 dxe5+ 52. Kxe5
1/2-1/2

[Event "5th Svein Memorial"]
[Site "Oslo NOR"]
[Date "2012.06.22"]
[Round "9"]
[White "Hammer, J."]
[Black "Hebden, M."]
[Result "0-1"]
[WhiteElo "2630"]
[BlackElo "2512"]
[PlyCount "124"]
[EventDate "2012.06.22"]
[SourceDate "1999.07.01"]

1. d4 Nf6 2. c4 g6 3. Nc3 Bg7 4. e4 d6 5. Nf3 O-O 6. Be2 e5 7. Be3 Ng4 8. Bg5
f6 9. Bh4 Nc6 10. d5 Ne7 11. Nd2 Nh6 12. f3 c5 13. O-O Nf7 14. Rb1 Kh8 15. b4
b6 16. a4 Ng8 17. a5 Bh6 18. Bf2 f5 19. Qc2 Nf6 20. Bd3 Nh5 21. Rfd1 Ng5 22.
Kh1 Nf4 23. Bf1 Nf7 24. Nb5 Bd7 25. Qb2 Qe7 26. Nxa7 Rxa7 27. axb6 Rb7 28. bxc5
dxc5 29. Nb3 Rxb6 30. Bxc5 Qd8 31. Bxb6 Qxb6 32. c5 Qf6 33. c6 Bc8 34. Nc5 Nd6
35. g3 Nh5 36. f4 Nxf4 37. gxf4 Bxf4 38. Nd3 fxe4 39. Nxf4 exf4 40. Qxf6+ Rxf6
41. Rb8 Kg7 42. Kg2 Bg4 43. Re1 e3 44. h3 Bf5 45. c7 g5 46. Be2 Rf7 47. Rc1 Kf6
48. Rd8 Ke5 49. Bg4 Bxg4 50. hxg4 f3+ 51. Kf1 e2+ 52. Kf2 Ne4+ 53. Ke1 f2+ 54.
Kxe2 Ng3+ 55. Kd3 Rxc7 56. Rd1 f1=Q+ 57. Rxf1 Nxf1 58. d6 Rf7 59. Ke2 Nh2 60.
d7 Kf4 61. Kd3 Nf3 62. Kc3 Ne5 0-1